北海道行先クイズ - Statistics

General Stats
  • This quiz has been taken 39 times
  • The average score is 71 of 96
Answer Stats
路線名 行先駅名 % Correct
富良野
100%
富良野
100%
函館本線 函館
97%
稚内
97%
道南いさりび鉄道 函館
97%
札幌
94%
旭川
94%
札幌
94%
札沼線 札幌
94%
帯広
94%
釧路
94%
富良野線 旭川
94%
宗谷本線 旭川
94%
石北本線 旭川
94%
釧路
94%
小樽
91%
千歳
91%
新得
91%
名寄
91%
北見
91%
網走
91%
釧網本線 網走
91%
石勝線 千歳
91%
新函館北斗
88%
88%
苫小牧
88%
苫小牧
88%
音威子府
88%
北海道新幹線 新函館北斗
88%
深川
85%
根室
85%
留萌本線 深川
85%
石狩沼田
85%
遠軽
85%
長万部
82%
手稲
82%
室蘭本線 長万部
82%
室蘭
82%
千歳線 新千歳空港
82%
滝川
79%
東室蘭
79%
根室本線 滝川
79%
上川
79%
大沼
76%
岩見沢
76%
登別
76%
岩見沢
76%
日高本線 鵡川
76%
北海道医療大学
76%
白糠
76%
厚岸
76%
美瑛
76%
木古内
76%
札幌市営地下鉄東西線 新さっぽろ
76%
大沼公園
74%
倶知安
74%
余市
74%
江別
74%
池田
74%
新青森
74%
札幌市営地下鉄南北線 真駒内
74%
洞爺
71%
北広島
71%
留辺蘂
71%
知床斜里
71%
芽室
68%
幌延
68%
新夕張
68%
ほしみ
65%
追分
65%
比布
65%
白滝
65%
追分
65%
当別
62%
麻生
62%
あいの里公園
59%
浦幌
59%
豊浦
56%
永山
56%
宮の沢
56%
栄町
56%
蘭越
53%
西留辺蘂
50%
札幌市営地下鉄東豊線 福住
50%
然別
47%
摩周
47%
糸井
44%
当麻
44%
上磯
44%
大楽毛
41%
音別
38%
東旭川
38%
川湯温泉
32%
自衛隊前
32%
東相内
26%
伊香牛
24%
No matching quizzes found
Score Distribution
Percent of People with Each Score
Percentile by Number Answered
Your Score History
You have not taken this quiz